Demonetisation: A means to an end? (Record no. 1190)

MARC details
000 -LEADER
fixed length control field 00480nam a2200169Ia 4500
008 - FIXED-LENGTH DATA ELEMENTS--GENERAL INFORMATION
fixed length control field 230917s9999||||xx |||||||||||||| ||und||
020 ## - ISBN
Price RS 475.00
040 ## - CATALOGING SOURCE
-- 5003438
Original cataloging agency VIVEKANANDA LIBRARY
041 ## - Language
-- English
082 ## - DDC NUMBER
Classification number 332.4954 A15D
100 ## - MAIN ENTRY--PERSONAL NAME
Personal name Agarwala, Ramgopal
245 #0 - TITLE STATEMENT
Title Demonetisation: A means to an end?
260 ## - PUBLICATION, DISTRIBUTION, ETC. (IMPRINT)
Place of publication, distribution, etc New Delhi
Name of publisher, distributor, etc Sage Publications
Date of publication, distribution, etc 2017
300 ## - PHYSICAL DESCRIPTION
Pages xxiii, 191 p.
500 ## - GENERAL NOTE
General note 3937 03/01/2020 HBD20/8219 05/02/2020 IMSAR (Dev. & Research)
942 ## - ADDED ENTRY ELEMENTS (KOHA)
Koha item type Books
Holdings
Withdrawn status Lost status Damaged status Not for loan Location (home branch) Sublocation or collection (holding branch) Shelving location Date acquired Koha issues (times borrowed) Koha full call number Accession No. Koha date last seen Koha item type
        VIVEKANANDA LIBRARY VIVEKANANDA LIBRARY IMSAR Library 13/02/2020 1 332.4954 A15D 396468 17/04/2025 Books
© Designed and Maintained by Vivekananda Library, MDU Rohtak